Scientific American

שמור ב:
מידע ביבליוגרפי
פורמט: ספר
שפה:Undetermined
יצא לאור: New York Institional Subscription rates 2019
תגים: הוספת תג
אין תגיות, היה/י הראשונ/ה לתייג את הרשומה!
Thư viện lưu trữ: Trung tâm Học liệu Trường Đại học Cần Thơ
LEADER 00402nam a2200145Ia 4500
001 CTU_234189
008 210402s9999 xx 000 0 und d
082 |a 600 
082 |b S416 
245 0 |a Scientific American 
245 0 |c Institional Subscription rates 
260 |a New York 
260 |b Institional Subscription rates 
260 |c 2019 
980 |a Trung tâm Học liệu Trường Đại học Cần Thơ